| 000 | 01577cam a2200481Ma 4500 | ||
|---|---|---|---|
| 001 | 86153 | ||
| 005 | 20230410103722.0 | ||
| 008 | 020709s2002 mau 000 0 eng d | ||
| 035 | _a(OCoLC)ocn186063995 | ||
| 040 |
_aS3O _bswe _cS3O _dTOH |
||
| 020 | _a0316566888 (inb.) | ||
| 020 | _a9780316566889 (inb.) | ||
| 035 | _a(OCoLC)186063995 | ||
| 049 | _aGRAL | ||
| 050 | 1 | 4 |
_a315 DP 99 _bM547o 2002 |
| 082 | 0 | 0 | _a946.01 |
| 100 | 1 | _aMenocal, María Rosa. | |
| 245 | 1 | 4 |
_aThe ornament of the world : _bhow Muslims, Jews and Christians created a culture of tolerance in medieval Spain / _cMaría Rosa Menocal. |
| 260 |
_aBoston : _bLittle, Brown and Company _c2002. |
||
| 300 |
_a315 s. : _bill. |
||
| 650 | 4 | _aPrimera Jornada de Catalogacion. | |
| 650 | 4 |
_aAl-Andalus _xCivilización. |
|
| 650 | 4 | _aMusulmanes en España. | |
| 650 | 4 | _aJudíos en España. | |
| 650 | 4 |
_aAl-Andalus _xHistoria. |
|
| 650 | 4 | _aCristianos en España. | |
| 650 | 4 |
_aCivilización islámica _zEspaña. |
|
| 650 | 4 |
_aMusulmanes _xHistoria _ySiglos VIII-IX. |
|
| 651 | 4 |
_aGranada (España _xHistoria _xDominación árabe. |
|
| 650 | 0 |
_aSpain _xCivilization _y711-1516. |
|
| 650 | 0 |
_aSpain _xEthnic relations. |
|
| 650 | 0 |
_aToleration _zSpain _xHistory. |
|
| 650 | 0 |
_aMuslims _zSpain _xHistory. |
|
| 650 | 0 |
_aChristians _zSpain _xHistory. |
|
| 650 | 0 |
_aJews _zSpain _xHistory. |
|
| 650 | 0 |
_aSpain _xReligion. |
|
| 650 | 0 | _aReligions |x Relations. | |
| 651 | 0 |
_aSpain _xHistory _y711-1516. |
|
| 651 | 0 |
_aSpain _xReligion. |
|
| 942 |
_2lcc _cbk |
||
| 946 | _aAFJ | ||
| 994 |
_aC0 _bDRFGD |
||
| 999 |
_c24500 _d24500 |
||